[Event "Guwahati Smart City op"]
[Site "Guwahati"]
[Date "2024.07.05"]
[Round "7"]
[White "Kumar, Gaurav"]
[Black "Sandeep, Santhosh"]
[Result "1-0"]
[WhiteElo "2057"]
[BlackElo "1793"]
[PlyCount "75"]
[EventDate "2024.07.02"]
[EventType "swiss"]
[EventRounds "10"]
[EventCountry "IND"]
[SourceTitle "CBM 221 Extra"]
[Source "ChessBase"]
[SourceDate "2024.09.30"]
[SourceVersion "1"]
[SourceVersionDate "2024.09.30"]
[SourceQuality "1"]

1. e4 c5 2. Nf3 e6 3. d4 cxd4 4. Nxd4 Nc6 5. Nc3 Qc7 6. Be3 a6 7. Qd2 Nf6 8. 0-0-0 Be7 9. f3 b5 10. Qf2 Nxd4 11. Bxd4 Bb7 12. Qg3 Qxg3 13. hxg3 Rc8 14. g4 Bc5 15. g5 Bxd4 16. Rxd4 Ng8 17. a4 bxa4 18. Rxa4 Ra8 19. Rb4 Bc6 20. Rb6 a5 21. Nb5 Ke7 22. e5 f6 23. f4 h5 24. Rh4 fxg5 25. fxg5 Rf8 26. Bd3 Bxg2 27. Nd6 Bf3 28. Rc4 h4 29. Nc8+ Kd8 30. Rb8 Bc6 31. Na7+ Ke7 32. Nxc6+ dxc6 33. Rb7+ Kd8 34. Rd4+ Kc8 35. Ba6 Nf6 36. gxf6 gxf6 37. Rdd7 h3 38. Ra7+ 1-0